One Piece Randoms - Statistiken

Allgemein
  • Dieses Quiz wurde 115 mal gespielt
  • Das Durchschnittsergebnis liegt bei 3 aus 24
Antwortstatistiken
Hint Tipp Antwort % Korrekt
U Rot Weiße Haare Uta
68%
O Oktopus-Mensch Okta
51%
K Kindheitsfreundin Kuina
26%
N Wasserkönig? Neptune
24%
P Leibwächter von Alabasta Pell
17%
T Schnupfen Trebol
16%
Y Typ mit Hörnern Yamato
10%
C Schornstein Chimney
8%
G Der Teuflische Gin
8%
A Nico Robin Alvida
6%
L Schwester Lola
6%
R Pinker Löwe Richie
6%
Z Partnerin von Mr. 1 Zala
5%
B One Piece Red Bepo
3%
H Stärkster Piraten Söldner Hajrudin
3%
I Heißer Brudee Ichiji
1%
J Arabischer Verkäufer Jeet
1%
M Kamel Matsuge
1%
V Crazy Katze Vander Decken
1%
D Weihnachten Drophy
0%
E Lila Haare (J heiß) Eisberg
0%
F Vogel Fusa
0%
S Pfirsich Shirahoshi
0%
W Hasse ich!!!! Wicca
0%
Keine übereinstimmenden Quizze gefunden
Verteilung der Resultate
Anzahl Personen mit jedem Resultat
Perzentil nach korrekt beantworteten Fragen
Ihre Resultats-Entwicklung
Sie haben dieses Quiz noch nicht gespielt